Zdaňovanie - otázky z daňového tabu a časté chyby

Pokračovanie príspevku z predchádzajúceho čísla. Daňové priznanie.

Enregistré dans:
Détails bibliographiques
Auteur principal: Burák, Emil
Format: Chapitre de livre
Langue:slovaque
Sujets:
Tags: Ajouter un tag
Pas de tags, Soyez le premier à ajouter un tag!

MARC

LEADER 00000naa a2200000 4500
001 0200530
005 20231207113035.5
041 0 |a slo 
044 |a SK 
245 1 0 |a Zdaňovanie - otázky z daňového tabu a časté chyby  |c Emil Burák 
520 |a Pokračovanie príspevku z predchádzajúceho čísla. Daňové priznanie. 
610 2 0 |a priznania daňové 
610 2 0 |a správa daňová 
610 2 0 |a dane z príjmov 
100 1 |a Burák, Emil